logo

Bir Sreshtho Munshi Abdur Rouf Library
Jhenaidah Cadet College

Big Book of Knowledge / (Record no. 11642)

MARC details
000 -LEADER
fixed length control field 00581nam a22002297a 4500
001 - CONTROL NUMBER
JCCL Control Number 11642
003 - CONTROL NUMBER IDENTIFIER
JCCL marc code BD-JhCC
005 - DATE AND TIME OF LATEST TRANSACTION
control field 20221013134022.0
008 - FIXED-LENGTH DATA ELEMENTS--GENERAL INFORMATION
fixed length control field 200713b2013 enka|||| ||a| 001 0 eng d
020 ## - INTERNATIONAL STANDARD BOOK NUMBER
International Standard Book Number 9780241293508
035 ## - SYSTEM CONTROL NUMBER
system control number (BD-JhCC)11642
040 ## - CATALOGING SOURCE
Original cataloging agency BD-JhCC
Modifying agency BD-JhCC
041 ## - LANGUAGE CODE
Language code of Book eng
082 ## - DEWEY DECIMAL CLASSIFICATION NUMBER
Classification number 032
Author mark and Year BIG 2013
245 ## - TITLE STATEMENT
Title Big Book of Knowledge /
Statement of responsibility, etc Editor: Sarah Philips
260 ## - PUBLICATION, DISTRIBUTION, ETC. (IMPRINT)
Place of publication, distribution, etc London:
Name of publisher, distributor, etc DK;
Date of publication, distribution, etc DK 2013.
300 ## - PHYSICAL DESCRIPTION
Pagination 480 p. :
Dimensions 15 cm
650 ## - SUBJECT ADDED ENTRY--TOPICAL TERM
Topical term or geographic name as entry element Children General Knowledge
700 ## - ADDED ENTRY--PERSONAL NAME
Personal name Philips, Sarah
942 ## - ADDED ENTRY ELEMENTS (KOHA)
Source of classification or shelving scheme Dewey Decimal Classification
Koha item type Books
Koha issues (borrowed), all copies 2
Holdings
Source of classification or shelving scheme Damaged status Not for loan Home library Current library Shelving location Date of accession Cost, normal purchase price Total Checkouts Full call number Barcode Date last seen Date checked out Copy number Koha item type
Dewey Decimal Classification     JCC Rouf Library JCC Rouf Library General Stacks 07/13/2020 750.00 4 032 BIG 2013 15748 04/28/2024 04/22/2024 c-1 Books

JCC Library | Contacts | JCC Home

Last Update on 23 September 2017
Copyright @ 2017-2020 JCC Rouf Library
Rouf Library, Jhenidah Cadet College (JCC), Bangladesh